All Pokemon anime characters - Statistics

General Stats
  • This quiz has been taken 589 times
    23 since last reset
  • The average score is 67 of 290
Answer Stats
Character % Correct
G1 Ash ketchum
95%
G1 | G6 Misty
95%
G1 | G6 Brock
90%
G1 Dawn
71%
G4 James
71%
G4 Jessie
71%
G1 May
71%
G1 Serena
71%
G4 Giovanni
67%
G1 Lana
67%
G5 Professor Oak
67%
G7 Samson Oak
67%
G1 Bonnie
62%
G1 | G6 Clemont
62%
G3 Gary Oak
62%
G1 Goh
62%
G8 Leon
62%
G1 Mallow
62%
G7 N
62%
G2 Pikachu
62%
G1 Max
57%
G1 Cilan
52%
G6 Cilan, Cress and Chili
52%
G8 Cynthia
52%
G1 | G8 Iris
52%
G1 Lillie
52%
G10 Lily
52%
G2 | G4 Meowth
52%
G5 Professor Kukui
52%
G8 Diantha
48%
G6 Erika
48%
G1 Kiawe
48%
G8 Lance
48%
G6 Lt. Surge
48%
G3 Paul
48%
G1 Sophocles
48%
G3 Alain
43%
G6 Blaine
43%
G7 Chloe
43%
G3 Hau
43%
G6 Koga
43%
G4 Lysandre
43%
G5 Professor Elm
43%
G6 Roark
43%
G6 Sabrina
43%
G8 Steven Stone
43%
G6 Bea
38%
G5 Cedric Juniper
38%
G4 Cyrus
38%
G3 Gladion
38%
G6 Jasmine
38%
G5 Professor Juniper
38%
G9 Aaron
33%
G9 Agatha
33%
G4 Archie
33%
G9 Bruno
33%
G6 Chuck
33%
G6 Falkner
33%
G6 Gardenia
33%
G3 Hop
33%
G4 Mars
33%
G4 Maxie
33%
G10 | G6 Norman
33%
G5 Professor Birch
33%
G5 Professor Rowan
33%
G5 Professor Sycamore
33%
G6 Skyla
33%
G6 Wallace
33%
G6 Wattson
33%
G6 Winona
33%
G2 | G4 Wobbuffet
33%
G8 Alder
29%
G3 Barry
29%
G9 Bertha
29%
G3 Bianca
29%
G6 Bugsy
29%
G6 Burgh
29%
G4 Butch
29%
G6 Byron
29%
G4 Cassidy
29%
G6 Clay
29%
G6 Flannery
29%
G10 | G9 Flint
29%
G4 Ghetsis
29%
G6 Grant
29%
G4 Guzma
29%
G6 Hala
29%
G4 Jupiter
29%
G9 Lorelei
29%
G9 Malva
29%
G6 Morty
29%
G6 Nessa
29%
G6 Olivia
29%
G6 Olympia
29%
G6 Pryce
29%
G3 Ritchie
29%
G4 Saturn
29%
G3 Tierno
29%
G3 Tobias
29%
G3 Trevor
29%
G6 Viola
29%
G6 Volkner
29%
G7 Acerola
24%
G6 Allister
24%
G6 Brawly
24%
G6 Brycen
24%
G6 Candice
24%
G6 Clair
24%
G6 Crasher Wake
24%
G2 Dedenne
24%
G6 Drake
24%
G9 Drasna
24%
G6 Elesa
24%
G6 Fantina
24%
G3 Harrison
24%
G7 Kahili
24%
G6 Korrina
24%
G9 Lucian
24%
G6 Milo
24%
G2 Piplup
24%
G5 Professor Magnolia
24%
G6 Raihan
24%
G6 Ramos
24%
G6 Roxanne
24%
G3 Shauna
24%
G5 Sonia
24%
G2 Togepi
24%
G1 Tracey Sketchit
24%
G3 Trip
24%
G6 Whitney
24%
G9 Wikstrom
24%
G6 Wulfric
24%
G3 Aria
19%
G2 Axew
19%
G9 Caitlin
19%
G3 Cameron
19%
G4 Chairman Rose
19%
G10 Delia Ketchum
19%
G6 Drayden
19%
G3 Drew
19%
G7 Faba
19%
G6 Hapu
19%
G7 Ilima
19%
G6 Juan
19%
G6 Lenora
19%
G7 Lusamine
19%
G3 Marnie
19%
G6 Maylene
19%
G3 Miette
19%
G3 Nando
19%
G6 Nanu
19%
G7 Nurse Joy
19%
G7 Officer Jenny
19%
G6 Opal
19%
G6 Piers
19%
G5 Professor Burnet
19%
G4 Shelly
19%
G3 Stephan
19%
G4 Tabitha
19%
G6 Tate and Liza
19%
G6 Valerie
19%
G7 Alexa
14%
G7 Casey
14%
G4 Colress
14%
G3 Georgia
14%
G3 Harley
14%
G3 Kenny
14%
G7 Liza
14%
G7 Looker
14%
G7 Lyra
14%
G4 Mable
14%
G7 Molayne
14%
G4 Plumeria
14%
G5 Professor Cerise
14%
G5 Professor Ivy
14%
G6 Roxie
14%
G2 Squishy
14%
G3 Tyson
14%
G3 Ursula
14%
G3 Zoey
14%
G7 Anthea
10%
G3 Burgundy
10%
G3 Conway
10%
G10 Daisy
10%
G2 Eevee
10%
G10 Johanna
10%
G10 Lola
10%
G7 Luke
10%
G2 Mimey
10%
G7 Mina
10%
G3 Morrison
10%
G3 Nini
10%
G4 Oleana
10%
G7 Robert
10%
G3 Sawyer
10%
G3 Solidad
10%
G10 Violet
10%
G3 Virgil
10%
G4 Xerosic
10%
G7 Anabel
5%
G7 Astrid
5%
G2 Bewear
5%
G4 Bryony
5%
G10 Caroline
5%
G4 Celosia
5%
G4 Charon
5%
G6 Cissy
5%
G7 Concordia
5%
G6 Danny
5%
G5 Dr. Fennel
5%
G10 Grace
5%
G10 Harper and Sarah
5%
G3 Horace
5%
G3 Horacio
5%
G4 Hunter J
5%
G7 Katie
5%
G7 Lisia
5%
G6 Luana
5%
G7 Mairin
5%
G7 Marian
5%
G10 Meyer
5%
G10 Mimo
5%
G10 Mohn
5%
G4 Pierce
5%
G5 Professor Carolina
5%
G7 Ren
5%
G6 Rudy
5%
G7 Sakura
5%
G7 Sanpei
5%
G2 Snowy
5%
G10 Abe
0%
G4 Aldith
0%
G4 Aliana
0%
G7 Anela
0%
G7 Angie
0%
G4 Barret
0%
G10 Camille
0%
G7 Chrysa
0%
G7 Cosette
0%
G7 Danika
0%
G7 Don George
0%
G4 Dr. Namba
0%
G4 Dr. Zager
0%
G7 Elder
0%
G7 Emmet
0%
G7 Freddy O'Martian
0%
G4 Gozu
0%
G7 Gurkinn
0%
G7 Hobbes
0%
G3 Hodge
0%
G7 Ingo
0%
G7 Jervis
0%
G7 Katharine
0%
G7 Keanan
0%
G7 Khoury
0%
G7 Laki
0%
G7 Macy
0%
G2 | G4 Malamar
0%
G4 Matori
0%
G7 Monsieur Pierre
0%
G7 Palermo
0%
G10 Parker
0%
G7 Porter
0%
G7 Quillon
0%
G4 Rapp
0%
G7 Reggie
0%
G7 Rhonda
0%
G3 Rinto
0%
G2 | G7 Rotomdex
0%
G7 Scott
0%
G7 Solana
0%
G7 Sophie
0%
G10 Talia
0%
G7 Todd Snap
0%
G4 Tupp
0%
G4 Viren
0%
G10 Walker
0%
G7 Wicke
0%
G7 Yuzo
0%
G4 Zipp
0%
No matching quizzes found
Score Distribution
Percent of People with Each Score
Percentile by Number Answered
Your Score History
You have not taken this quiz since the last reset